| 000 | 00726nam a2200205Ia 4500 | ||
|---|---|---|---|
| 020 | _a9712201120 | ||
| 040 | _cAGL | ||
| 082 | _a633 INT 2000 A041 Or. | ||
| 245 | 0 | 4 | _aThe quest for nitrogen fixation in rice / |
| 260 |
_aLos Ba©łos, Philippines : _bInternational Rice Research Institute, _c2000 |
||
| 300 |
_aix, 354 p. : _bill. (some col.) ; _c23 cm |
||
| 500 | _a"Proceedings of the Third Working Group Meeting on Assessing Opportunities for Nitrogen Fixation in Rice, 9-12 Aug. 1999, Los Ba©łos, Laguna, Philippines"--T.p. verso." | ||
| 650 | 0 | _aNitrogen | |
| 650 | 0 | _aRice | |
| 650 | 0 | _aNitrogen fertilizers | |
| 650 | 0 | _aNitrifying bacteria | |
| 700 | 1 | _aLadha, J. K. | |
| 700 | 1 | _aReddy, P. M | |
| 942 | _cEK | ||
| 999 |
_c12117 _d12117 |
||